Les plus grandes villes des Amériques - Statistiques

Statistiques générales
  • Ce quiz a été pris 467 fois
  • Le résultat moyen est 37 sur 60
Statistiques - réponses
Pays Population Ville % Correct
Mexique 21 634 279 México
100%
États-Unis 18 711 436 Los Angeles
99%
États-Unis 22 589 036 New York
99%
Brésil 12 699 743 Rio de Janeiro
98%
Argentine 15 095 458 Buenos Aires
96%
Pérou 12 104 036 Lima
94%
Colombie 10 985 285 Bogotá
92%
États-Unis 9 665 887 San Francisco - San José
92%
Brésil 36 315 721 São Paulo
92%
États-Unis 9 814 928 Washington - Baltimore
91%
États-Unis 9 825 325 Chicago
90%
Canada 4 318 505 Montréal
88%
Brésil 4 560 505 Brasília
87%
Chili 7 482 635 Santiago
86%
États-Unis 6 889 936 Miami
85%
Canada 6 471 850 Toronto
83%
États-Unis 8 287 710 Boston
81%
États-Unis 8 057 796 Dallas - Fort Worth
81%
États-Unis 7 253 193 Houston
81%
Vénézuela 4 938 596 Caracas
80%
États-Unis 4 903 675 Seattle
77%
Guatemala 5 484 569 Guatemala
76%
Équateur 2 671 191 Quito
75%
Canada 2 691 351 Vancouver
75%
États-Unis 7 209 620 Philadelphie
74%
États-Unis/ Mexique 5 319 631 San Diego - Tijuana
74%
États-Unis 3 617 927 Denver
70%
États-Unis 5 696 911 Détroit
70%
Haïti 3 744 077 Port-au-Prince
70%
États-Unis 6 853 392 Atlanta
67%
Costa Rica 2 579 036 San José
65%
Colombie 3 909 729 Medellín
62%
République Dominicaine 4 263 801 Saint-Domingue
62%
Paraguay 2 644 920 Asunción
61%
États-Unis 5 002 221 Phoenix
59%
Mexique 5 265 099 Guadalajara
58%
Salvador 2 618 205 San Salvador
55%
États-Unis 3 259 710 Portland
51%
États-Unis 2 571 266 San Antonio
50%
Brésil 5 916 189 Belo Horizonte
49%
Mexique 5 228 659 Monterrey
46%
Brésil 3 899 533 Salvador
44%
Colombie 4 022 967 Cali
42%
Brésil 2 631 239 Manaus
41%
États-Unis 4 160 646 Orlando
41%
États-Unis 4 027 861 Minneapolis
39%
Brésil 4 054 866 Recife
39%
États-Unis 2 797 636 Charlotte
36%
États-Unis 2 639 124 Sacramento
33%
Brésil 4 074 730 Fortaleza
31%
Brésil 4 317 508 Porto Alegre
31%
États-Unis 2 641 048 Salt Lake City
31%
États-Unis 2 907 648 Saint-Louis
30%
États-Unis 3 586 918 Cleveland
28%
Équateur 3 564 222 Guayaquil
26%
États-Unis 3 194 831 Tampa - St. Petersburg
23%
Brésil 3 615 027 Curitiba
20%
États-Unis 2 603 259 Pittsburgh
20%
Mexique 3 169 357 Puebla-Tlaxcala
15%
Venezuela 3 351 104 Maracaïbo
10%
Aucun quiz correspondant
Distribution des résultats
% des personnes avec chaque résultat
Percentile par nombre de réponses
Votre historique - résultats
Vous n’avez pas pris ce quiz